Evaluando la participación social: democracia y políticas públicas /
En la presente investigación se evalúa la influencia de la participación social en los resultados de las políticas públicas, utilizando cuatro estudios de caso en la península de Yucatán, México que tienen relevancia a nivel internacional; con el objetivo de recurrir a los datos empíricos para evalu...
Bewaard in:
| Hoofdauteur: | |
|---|---|
| Formaat: | Texto |
| Onderwerpen: | |
| Tags: |
Voeg label toe
Geen labels, Wees de eerste die dit record labelt!
|
MARC
| LEADER | 00000 a a2200000 04500 | ||
|---|---|---|---|
| 001 | 43502 | ||
| 003 | |||
| 040 | |||
| 100 | |a Vargas Paredes, M. Saúl | ||
| 245 | |a Evaluando la participación social: |b democracia y políticas públicas / |c M. Saúl Vargas Paredes | ||
| 500 | |a savapar@uqroo.mx | ||
| 520 | |a En la presente investigación se evalúa la influencia de la participación social en los resultados de las políticas públicas, utilizando cuatro estudios de caso en la península de Yucatán, México que tienen relevancia a nivel internacional; con el objetivo de recurrir a los datos empíricos para evaluar la participación. | ||
| 590 | |a SJB/AGOSTO2012 | ||
| 650 | |a 1.EVALUCION | ||
| 650 | |a 2.PARTICIPACION SOCIAL | ||
| 650 | |a 3.COMPORTAMIENTO POLITICO | ||
| 650 | |a 4.POLITICAS PUBLICAS | ||
| 650 | |a 5.DEMOCRACIA | ||
| 650 | |a 6.MEXICO | ||
| 773 | |g volumen73, número1 ( , 2011), páginas 105-137 : mapas, gráficos | ||
| 999 | |c 36737 |d 36737 | ||
